[Event "4NCL Online Division 6"]
[Site "online"]
[Date "2020.09.22"]
[Round "3.143"]
[White "Henderson, Jason"]
[Black "Jones, Huw"]
[Result "1/2-1/2"]
[WhiteElo "1697"]
[BlackElo "1624"]
[PlyCount "154"]
[EventDate "2020.09.22"]
[WhiteTeam "Calstock Killers"]
[BlackTeam "Morriston Benko"]

1. d4 e6 2. c4 Nf6 3. Nf3 Bb4+ 4. Bd2 Qe7 5. g3 O-O 6. Bg2 Bxd2+ 7. Qxd2 Ne4 8.
Qc2 f5 9. O-O d6 10. Nc3 Nxc3 11. bxc3 Nd7 12. e4 fxe4 13. Qxe4 Nf6 14. Qh4 Bd7
15. Ng5 h6 16. Ne4 Rab8 17. Rab1 e5 18. Rfe1 b6 19. c5 bxc5 20. dxe5 dxe5 21.
a3 Rb6 22. Bf1 Bf5 23. Bd3 Kh8 24. Rbd1 Bxe4 25. Bxe4 Qf7 26. Bg2 e4 27. Qf4
Qe7 28. Bxe4 Nxe4 29. Rxe4 Rxf4 30. Rxe7 Rc4 31. Rd8+ Kh7 32. Rdd7 Rg6 33. Rxc7
Rxc3 34. Rxa7 c4 35. h4 Rg4 36. Kg2 Rg6 37. a4 Ra3 38. Rec7 c3 39. a5 h5 40. a6
Raxa6 41. Rxa6 Rxa6 42. Rxc3 Rf6 43. Rc7 Kh6 44. Rc8 g5 45. hxg5+ Kxg5 46. Rg8+
Kh6 47. Rb8 Kg6 48. Rb5 Rd6 49. Rb4 Kh6 50. Re4 Rg6 51. Kf3 Rf6+ 52. Rf4 Rb6
53. Re4 Kg6 54. Re3 Rf6+ 55. Kg2 Rb6 56. Re2 Rc6 57. f3 Kf5 58. Rb2 Rd6 59. Re2
Rb6 60. Kh3 Rb3 61. f4 Rb1 62. Re5+ Kg6 63. g4 hxg4+ 64. Kxg4 Rg1+ 65. Kf3 Rf1+
66. Kg3 Rg1+ 67. Kf2 Rg4 68. Kf3 Rg1 69. Ke4 Re1+ 70. Kd5 Rd1+ 71. Ke6 Ra1 72.
f5+ Kg7 73. Rd5 Re1+ 74. Kd6 Kf6 75. Kd7 Rf1 76. Kc6 Rxf5 77. Rxf5+ Kxf5
1/2-1/2

[Event "4NCL Online Division 6"]
[Site "online"]
[Date "2020.09.22"]
[Round "3.144"]
[White "Williams, Luke"]
[Black "Hill, Michael"]
[Result "0-1"]
[WhiteElo "1671"]
[BlackElo "1675"]
[PlyCount "50"]
[EventDate "2020.09.22"]
[WhiteTeam "Morriston Benko"]
[BlackTeam "Calstock Killers"]

1. e4 c6 2. d4 d5 3. e5 Bf5 4. Nf3 e6 5. Bg5 Qb6 6. Qc1 c5 7. c3 Nc6 8. Qd2
cxd4 9. cxd4 Bxb1 10. Qc1 Bb4+ 11. Bd2 Bxd2+ 12. Qxd2 Bg6 13. Be2 Nge7 14. O-O
O-O 15. a3 Rac8 16. Rac1 Na5 17. Rxc8 Rxc8 18. Rc1 Rxc1+ 19. Qxc1 Qc6 20. Qg5
Qc7 21. Nd2 h6 22. Qe3 Nf5 23. Qd3 Qc1+ 24. Nf1 Qxb2 25. a4 Nxd4 0-1

[Event "4NCL Online Division 6"]
[Site "online"]
[Date "2020.09.22"]
[Round "3.151"]
[White "Young, Andy"]
[Black "Willis, Toby W"]
[Result "0-1"]
[WhiteElo "1472"]
[BlackElo "1930"]
[PlyCount "38"]
[EventDate "2020.09.22"]
[WhiteTeam "Lerryn Clowns"]
[BlackTeam "Cornish Pirates"]

1. d4 Nf6 2. Nf3 g6 3. Bf4 Bg7 4. h3 O-O 5. e3 c5 6. c3 b6 7. Bd3 d5 8. O-O Bb7
9. Nbd2 Nbd7 10. a3 Re8 11. c4 Rc8 12. b4 cxd4 13. Nxd4 e5 14. Bxe5 Nxe5 15.
Be2 dxc4 16. Rc1 a6 17. Bxc4 Nxc4 18. Nxc4 Qd5 19. Nf3 Rxc4 0-1

[Event "4NCL Online Division 6"]
[Site "online"]
[Date "2020.09.22"]
[Round "3.152"]
[White "Jiménez Patiño, Manuel David"]
[Black "Knight, Steven"]
[Result "1-0"]
[WhiteElo "1750"]
[BlackElo "1495"]
[PlyCount "113"]
[EventDate "2020.09.22"]
[WhiteTeam "Cornish Pirates"]
[BlackTeam "Lerryn Clowns"]

1. f4 e6 2. e3 d5 3. Nf3 b6 4. Be2 Nf6 5. O-O Bb7 6. b3 g6 7. Bb2 Bg7 8. d4 O-O
9. Nbd2 Ng4 10. Qc1 Nxe3 11. Re1 Qf6 12. g3 Qf5 13. Bd3 Qg4 14. Rxe3 Bh6 15.
Ne5 Qh3 16. Qf1 Qxf1+ 17. Rxf1 Bg7 18. Ndf3 Na6 19. c3 c5 20. Ba3 Rfe8 21. Rfe1
cxd4 22. cxd4 Rac8 23. Rc1 Rxc1+ 24. Bxc1 Rc8 25. Bd2 Nc7 26. Re1 Ne8 27. Rc1
Rxc1+ 28. Bxc1 Nd6 29. Ba3 Ne4 30. Bb2 Kf8 31. Bxe4 dxe4 32. Ne1 Ke7 33. Kf2 f6
34. Nc4 Kd7 35. Ne3 Kd6 36. N1c2 a5 37. Nc4+ Kc6 38. Ke3 Kc7 39. Nd2 f5 40. Nc4
Kc6 41. Ne5+ Kd5 42. Na3 Bf8 43. Nac4 b5 44. Nxa5 Ba6 45. Nac6 Bb7 46. Nd8 Ba6
47. Ndf7 b4 48. Ng5 Bg7 49. Nxh7 Bb5 50. Ng5 Be8 51. h4 Bb5 52. a3 Bf8 53. axb4
Bxb4 54. Nxg6 Bd3 55. h5 Bc2 56. h6 Bxb3 57. h7 1-0

[Event "4NCL Online Division 6"]
[Site "online"]
[Date "2020.09.22"]
[Round "3.153"]
[White "Jenkins, Simon"]
[Black "Kostadinov, Boris K"]
[Result "1-0"]
[WhiteElo "1472"]
[BlackElo "1660"]
[PlyCount "83"]
[EventDate "2020.09.22"]
[WhiteTeam "Lerryn Clowns"]
[BlackTeam "Cornish Pirates"]

1. f4 d5 2. Nf3 c5 3. e3 Nf6 4. Bb5+ Nc6 5. O-O Bg4 6. Qe1 Qb6 7. Bxc6+ bxc6 8.
c4 g6 9. b3 Bg7 10. Nc3 O-O 11. Ne5 Bf5 12. Bb2 Ne4 13. Na4 Qc7 14. d3 Nd6 15.
Nxc5 a5 16. h3 h5 17. e4 dxe4 18. dxe4 Bc8 19. Ncd3 a4 20. c5 Nb5 21. g4 a3 22.
Bc3 Nxc3 23. Qxc3 hxg4 24. Rf2 gxh3 25. Rh2 f5 26. Qc4+ e6 27. Re1 fxe4 28.
Qxe4 Rf5 29. Rxh3 Ra5 30. b4 Ra6 31. Nxg6 e5 32. Qc4+ Rf7 33. Rg3 exf4 34.
Ndxf4 Bf5 35. Ne7+ Kf8 36. Nxf5 Rxf5 37. Ne6+ Ke7 38. Nxc7+ Kd7 39. Rxg7+ Kc8
40. Nxa6 Rf8 41. Qe6+ Kd8 42. Qd7# 1-0

[Event "4NCL Online Division 6"]
[Site "online"]
[Date "2020.09.22"]
[Round "3.154"]
[White "Jones, Bryan"]
[Black "Reid, Mark"]
[Result "1/2-1/2"]
[WhiteElo "1607"]
[BlackElo "1360"]
[PlyCount "99"]
[EventDate "2020.09.22"]
[WhiteTeam "Cornish Pirates"]
[BlackTeam "Lerryn Clowns"]

1. d4 d5 2. c4 c6 3. Nc3 Nf6 4. cxd5 cxd5 5. Nf3 e6 6. Bf4 Bd6 7. Bxd6 Qxd6 8.
e3 Bd7 9. Rc1 O-O 10. Bd3 Nc6 11. O-O a6 12. Na4 Nb4 13. Bb1 Bb5 14. Re1 Rac8
15. Nc3 Bd7 16. Ne5 Rc7 17. a3 Nc6 18. f4 Rfc8 19. g4 Na5 20. g5 Ne8 21. Nxd7
Qxd7 22. Bd3 Nc4 23. Bxc4 Rxc4 24. Ne2 Nd6 25. Qb3 Ne4 26. Rxc4 Rxc4 27. Rc1
Nd6 28. Nc3 Ne4 29. Ne2 Nd6 30. Nc3 Qc7 31. Qd1 Ne4 32. Qe1 Nxc3 33. Rxc3 b5
34. Qd2 g6 35. Kf2 Kf8 36. Ke2 Ke7 37. Qe1 Rxc3 38. Qxc3 Qc4+ 39. Kd2 f6 40. h4
fxg5 41. hxg5 Kd7 42. Qxc4 dxc4 43. Kc3 Kc6 44. e4 a5 45. b3 cxb3 46. Kxb3 Kd6
47. Kc3 Kc6 48. Kb3 Kb6 49. Kc3 Kc6 50. Kb3 1/2-1/2

[Event "4NCL Online Division 6"]
[Site "online"]
[Date "2020.09.22"]
[Round "3.161"]
[White "Harrison, Peter K"]
[Black "Nancarrow, Richard"]
[Result "0-1"]
[WhiteElo "1750"]
[BlackElo "1540"]
[PlyCount "100"]
[EventDate "2020.09.22"]
[WhiteTeam "Oadby & Blaby"]
[BlackTeam "Jan Luke's Wrecking Crew"]

1. d4 d5 2. Nf3 Nf6 3. c4 c6 4. e3 Bg4 5. h3 Bc8 6. Nc3 e6 7. Bd3 Bb4 8. Qc2 c5
9. O-O Bd7 10. dxc5 Bxc5 11. cxd5 Be7 12. e4 exd5 13. exd5 Qa5 14. Qb3 Qc7 15.
Re1 b6 16. Bg5 Bc8 17. Ne5 O-O 18. Rac1 Qd8 19. Bb5 Bc5 20. Ng4 Bxg4 21. hxg4
Qd6 22. Bxf6 Qxf6 23. Ne4 Qd4 24. Nxc5 bxc5 25. Red1 Qxg4 26. Rxc5 Rd8 27. d6
Nd7 28. Bxd7 Rxd7 29. Rc7 h6 30. f3 Qf5 31. Qb7 Rad8 32. Qxa7 Rxd6 33. Rxd6
Rxd6 34. Rc1 Rg6 35. Qa8+ Kh7 36. a4 Rxg2+ 37. Kxg2 Qg5+ 38. Kf2 Qxc1 39. Qe4+
Kg8 40. Qd4 Qc2+ 41. Kg3 Qc7+ 42. Qf4 Qb7 43. b4 g5 44. Qc4 Qb8+ 45. Kg2 h5 46.
b5 h4 47. Qg4 Qe5 48. Kh3 f6 49. b6 Qe1 50. b7 Qh1# 0-1

[Event "4NCL Online Division 6"]
[Site "online"]
[Date "2020.09.22"]
[Round "3.162"]
[White "Macphail, Kieran"]
[Black "Manger, John D"]
[Result "1-0"]
[WhiteElo "1472"]
[BlackElo "1705"]
[PlyCount "57"]
[EventDate "2020.09.22"]
[WhiteTeam "Jan Luke's Wrecking Crew"]
[BlackTeam "Oadby & Blaby"]

1. e4 e5 2. Nf3 Nc6 3. Nc3 Nf6 4. d4 exd4 5. Nxd4 Nxd4 6. Qxd4 h6 7. e5 Nh7 8.
Be3 b6 9. Qe4 Rb8 10. O-O-O Ng5 11. Qd3 Be7 12. f4 Ne6 13. f5 Nc5 14. Qd2 d6
15. Bxc5 bxc5 16. Qf2 Bd7 17. h4 c6 18. exd6 Bf6 19. Re1+ Kf8 20. Qxc5 Rb6 21.
g3 Qb8 22. b3 Kg8 23. Ne4 Bd8 24. Bc4 Bf6 25. Nxf6+ gxf6 26. Re7 Be8 27. Rhe1
Kg7 28. d7 Bxd7 29. Rxf7+ 1-0

[Event "4NCL Online Division 6"]
[Site "online"]
[Date "2020.09.22"]
[Round "3.163"]
[White "Pettitt, David"]
[Black "Spargo, Philip J"]
[Result "1-0"]
[WhiteElo "1690"]
[BlackElo "1420"]
[PlyCount "137"]
[EventDate "2020.09.22"]
[WhiteTeam "Oadby & Blaby"]
[BlackTeam "Jan Luke's Wrecking Crew"]

1. d4 d5 2. Bf4 e6 3. e3 Bd6 4. Bg3 Nf6 5. Nd2 b6 6. Bd3 Ba6 7. Qe2 Bxd3 8.
Qxd3 a5 9. c3 Nc6 10. Ngf3 O-O 11. O-O-O Ne7 12. e4 dxe4 13. Nxe4 Nxe4 14. Qxe4
Ng6 15. Ne5 Nxe5 16. dxe5 Qg5+ 17. f4 Qg4 18. exd6 cxd6 19. Rxd6 b5 20. Rhd1 b4
21. c4 Rac8 22. R6d4 Qh5 23. Kb1 a4 24. Rc1 a3 25. b3 Qc5 26. Be1 h6 27. g4
Rfe8 28. Rcd1 Qb6 29. Qf3 Red8 30. Bf2 Qb8 31. h4 Rxd4 32. Rxd4 Rd8 33. Qe4
Rxd4 34. Bxd4 Qd8 35. Qe5 f6 36. Qxe6+ Kh8 37. Qe3 Qa8 38. h5 Qh1+ 39. Kc2 Qg2+
40. Qd2 Qe4+ 41. Qd3 Qg2+ 42. Qd2 Qe4+ 43. Kd1 Qf3+ 44. Ke1 Qh1+ 45. Ke2 Qe4+
46. Be3 Qg2+ 47. Kd3 Qxg4 48. Qxb4 Qd1+ 49. Qd2 Qb1+ 50. Kc3 Qa1+ 51. Kb4 Qh1
52. Qd8+ Kh7 53. Qd5 Qe1+ 54. Bd2 Qe7+ 55. c5 Qa7 56. Bc3 Qb8+ 57. Kxa3 Qxf4
58. c6 Qc1+ 59. Bb2 Qc2 60. Qc4 Qf5 61. Ka4 Qc8 62. b4 Qa8+ 63. Kb3 Qc8 64. c7
Qh3+ 65. Bc3 Qc8 66. Qe4+ Kh8 67. Qe7 Kh7 68. Bxf6 Qh3+ 69. Bc3 1-0

[Event "4NCL Online Division 6"]
[Site "online"]
[Date "2020.09.22"]
[Round "3.164"]
[White "James, John"]
[Black "Twigg, James"]
[Result "1-0"]
[WhiteElo "1277"]
[BlackElo "1705"]
[PlyCount "77"]
[EventDate "2020.09.22"]
[WhiteTeam "Jan Luke's Wrecking Crew"]
[BlackTeam "Oadby & Blaby"]

1. d4 d5 2. Bf4 Nc6 3. e3 e6 4. Nf3 Nf6 5. Nbd2 Bd6 6. Ne5 O-O 7. Be2 b6 8.
Nxc6 Qe8 9. Ne5 c5 10. c3 c4 11. O-O Nd7 12. Nxd7 Qxd7 13. Bxd6 Qxd6 14. Rb1 b5
15. b4 Bd7 16. Bf3 a5 17. a3 a4 18. e4 Rae8 19. Bg4 f5 20. e5 Qe7 21. Be2 f4
22. Nf3 g5 23. g3 Qg7 24. Kh1 Kf7 25. Nd2 Ke7 26. Bh5 Rd8 27. Qg4 Be8 28. Nf3
Bxh5 29. Qxh5 Rg8 30. gxf4 gxf4 31. Rg1 Qh8 32. Rxg8 Rxg8 33. Qh4+ Kd7 34. Qf6
Qxf6 35. exf6 Rf8 36. Rg1 Rxf6 37. Ne5+ Kd6 38. Rg7 Rf5 39. Rd7# 1-0

[Event "4NCL Online Division 6"]
[Site "online"]
[Date "2020.09.22"]
[Round "3.171"]
[White "Zsibrita, Steve"]
[Black "Eedle, Eric F"]
[Result "0-1"]
[WhiteElo "1465"]
[BlackElo "1787"]
[PlyCount "62"]
[EventDate "2020.09.22"]
[WhiteTeam "Hertford 3"]
[BlackTeam "Barnet Knights B"]

1. d4 Nf6 2. Bg5 Ne4 3. Bh4 c6 4. c3 d5 5. f3 g5 6. fxe4 gxh4 7. Nf3 dxe4 8.
Nxh4 e5 9. g3 Be7 10. Ng2 exd4 11. Qxd4 Qxd4 12. cxd4 Nd7 13. Nc3 f5 14. e3 Nb6
15. b3 Bb4 16. Rc1 Nd5 17. Kd2 Nxc3 18. Rxc3 Bxc3+ 19. Kxc3 Be6 20. Nf4 Ke7 21.
a4 a5 22. Bc4 Bxc4 23. Kxc4 Rhd8 24. Rf1 b6 25. Ne2 Rf8 26. Rf4 Rab8 27. Nc3
b5+ 28. axb5 cxb5+ 29. Kd5 Rfc8 30. Ne2 Rc2 31. Rf2 Kf6 0-1

[Event "4NCL Online Division 6"]
[Site "online"]
[Date "2020.09.22"]
[Round "3.172"]
[White "Vaidya, Raghav"]
[Black "Humeniuk, Michael"]
[Result "1-0"]
[WhiteElo "1765"]
[BlackElo "1435"]
[PlyCount "53"]
[EventDate "2020.09.22"]
[WhiteTeam "Barnet Knights B"]
[BlackTeam "Hertford 3"]

1. c4 e5 2. Nc3 f5 3. d4 exd4 4. Qxd4 Nc6 5. Qd3 d6 6. Nf3 Nf6 7. g3 Bd7 8. Bg2
Qe7 9. O-O O-O-O 10. a3 h6 11. b4 g5 12. b5 Na5 13. Bb2 Nb3 14. Nd5 Nxd5 15.
Qxb3 Rg8 16. cxd5 Qxe2 17. a4 Qe8 18. Rfe1 Qf7 19. Rac1 b6 20. a5 Kb8 21. axb6
cxb6 22. Ra1 f4 23. Qa4 Bg4 24. Nd4 Rd7 25. Nc6+ Ka8 26. Re8+ Qxe8 27. Qxa7+
1-0

[Event "4NCL Online Division 6"]
[Site "online"]
[Date "2020.09.22"]
[Round "3.173"]
[White "Lynch, Mark"]
[Black "Vyas, Alisha"]
[Result "0-1"]
[WhiteElo "1480"]
[BlackElo "1682"]
[PlyCount "50"]
[EventDate "2020.09.22"]
[WhiteTeam "Hertford 3"]
[BlackTeam "Barnet Knights B"]

1. d4 Nf6 2. Nc3 g6 3. Bf4 Bg7 4. e3 O-O 5. h4 d6 6. Bd3 Nc6 7. a3 e5 8. dxe5
dxe5 9. Bg3 Qe7 10. Qe2 Nh5 11. O-O-O f5 12. Bc4+ Be6 13. Bxe6+ Qxe6 14. Bh2
Rad8 15. f3 e4 16. Qe1 Rxd1+ 17. Kxd1 Rd8+ 18. Kc1 Qc4 19. Qe2 Qc5 20. Qe1 b5
21. fxe4 b4 22. Na4 Qb5 23. b3 bxa3 24. Nc3 Bxc3 25. Qxc3 Qf1+ 0-1

[Event "4NCL Online Division 6"]
[Site "online"]
[Date "2020.09.22"]
[Round "3.174"]
[White "Sanfey, Gregor"]
[Black "Brewis, Alan"]
[Result "1-0"]
[WhiteElo "1690"]
[BlackElo "1360"]
[PlyCount "33"]
[EventDate "2020.09.22"]
[WhiteTeam "Barnet Knights B"]
[BlackTeam "Hertford 3"]

1. e4 c5 2. Nf3 e6 3. g3 Nc6 4. Bg2 Qc7 5. O-O Nf6 6. d3 b6 7. Nc3 d6 8. e5
dxe5 9. Nxe5 Bb7 10. Nb5 Qc8 11. Bf4 Nd5 12. Bxd5 exd5 13. Nxc6 Bxc6 14. Re1+
Kd8 15. Bc7+ Kd7 16. Qg4+ f5 17. Qxf5# 1-0

[Event "4NCL Online Division 6"]
[Site "online"]
[Date "2020.09.22"]
[Round "3.181"]
[White "Zhang, Zheming"]
[Black "Kumar, Sanjit S"]
[Result "1-0"]
[WhiteElo "2102"]
[BlackElo "1817"]
[PlyCount "109"]
[EventDate "2020.09.22"]
[WhiteTeam "Forest Hall Juniors"]
[BlackTeam "KCJS"]

1. e4 e5 2. Nf3 Nc6 3. Bc4 Nf6 4. d3 Bc5 5. c3 O-O 6. Bb3 h6 7. Nbd2 d5 8. Qe2
Bg4 9. h3 Be6 10. Bc2 b5 11. O-O Re8 12. Nb3 Bf8 13. Re1 d4 14. cxd4 Bxb3 15.
Bxb3 Nxd4 16. Nxd4 Qxd4 17. Be3 Qd7 18. Rac1 Red8 19. Red1 a5 20. a3 Rac8 21.
Qf3 c5 22. Bxh6 a4 23. Ba2 b4 24. Bc4 b3 25. Bg5 Be7 26. Bxf6 Bxf6 27. Bd5 Qe7
28. Rc4 Qa7 29. Rf1 Rb8 30. Qf5 Rf8 31. Kh1 Rbe8 32. Bc6 Re7 33. Rxa4 Qc7 34.
Bd5 Qd6 35. Rc4 Rc7 36. Rfc1 Rfc8 37. R4c3 g6 38. Qxg6+ Kf8 39. Qf5 Ke7 40. Re1
Rb8 41. Re3 Rd7 42. Rf3 Rdd8 43. Qh5 Rf8 44. Rf5 Rb6 45. Qf3 Rfb8 46. g4 Rg8
47. Rc1 Kd8 48. Bxf7 Rf8 49. Bd5 Be7 50. Rg1 Rh8 51. g5 Qg6 52. Kg2 Rh5 53. Kf1
Rxg5 54. Rfxg5 Bxg5 55. Qg4 1-0

[Event "4NCL Online Division 6"]
[Site "online"]
[Date "2020.09.22"]
[Round "3.182"]
[White "Hill-Wood, T Wilfred D"]
[Black "Fearnhead, Ben"]
[Result "1/2-1/2"]
[WhiteElo "1630"]
[BlackElo "1810"]
[PlyCount "71"]
[EventDate "2020.09.22"]
[WhiteTeam "KCJS"]
[BlackTeam "Forest Hall Juniors"]

1. e4 e5 2. Nf3 Nc6 3. d4 exd4 4. Nxd4 Nf6 5. Nc3 Nxe4 6. Nxe4 Qe7 7. f3 d5 8.
Bb5 Bd7 9. Bxc6 bxc6 10. O-O dxe4 11. Re1 O-O-O 12. Qe2 Qf6 13. Qa6+ Kb8 14.
Be3 Bc5 15. c3 exf3 16. Nxf3 Bxe3+ 17. Rxe3 Rhe8 18. Rxe8 Rxe8 19. Rd1 Bc8 20.
Qa4 Bb7 21. Qb4 c5 22. Qxc5 Bxf3 23. gxf3 Re2 24. Rd8+ Qxd8 25. Qb5+ Kc8 26.
Qxe2 Qg5+ 27. Kf2 Kd7 28. Qd3+ Ke7 29. Qe4+ Kd6 30. Qd4+ Qd5 31. Qxg7 Qxa2 32.
Qf6+ Kd7 33. Qd4+ Kc6 34. c4 Qa5 35. Qe4+ Kb6 36. Qd4+ 1/2-1/2

[Event "4NCL Online Division 6"]
[Site "online"]
[Date "2020.09.22"]
[Round "3.183"]
[White "French, Morgan"]
[Black "Soulier, Alfred"]
[Result "1-0"]
[WhiteElo "1682"]
[BlackElo "1630"]
[PlyCount "91"]
[EventDate "2020.09.22"]
[WhiteTeam "Forest Hall Juniors"]
[BlackTeam "KCJS"]

1. d4 Nf6 2. c4 g6 3. Nf3 Bg7 4. Nc3 O-O 5. e4 d6 6. Bf4 c5 7. dxc5 dxc5 8. Be2
Nc6 9. O-O Bd7 10. Re1 Nh5 11. Bd2 Ne5 12. Nxe5 Bxe5 13. Bxh5 gxh5 14. Qxh5 Bg7
15. Re3 e6 16. Rg3 Qf6 17. Bh6 Qg6 18. Rxg6 fxg6 19. Qh3 Rad8 20. Bxg7 Kxg7 21.
Qe3 b6 22. Rd1 Ba4 23. Rxd8 Rxd8 24. h3 Bc6 25. Qg3 Rd7 26. Qe5+ Kf7 27. Nb5
Bxb5 28. cxb5 Rb7 29. Qh8 Re7 30. Qxh7+ Ke8 31. Qxg6+ Kd7 32. e5 Kc8 33. Qg8+
Kb7 34. Qd8 Rc7 35. Qd6 Kc8 36. Qxe6+ Kb8 37. Qd6 c4 38. e6 Kb7 39. e7 Rxe7 40.
Qxe7+ Kb8 41. h4 c3 42. bxc3 Kc8 43. h5 Kb8 44. h6 Kc8 45. h7 a6 46. h8=Q# 1-0

[Event "4NCL Online Division 6"]
[Site "online"]
[Date "2020.09.22"]
[Round "3.184"]
[White "Patel, Zain"]
[Black "Amoako Philip Selikem Yao"]
[Result "1/2-1/2"]
[WhiteElo "1532"]
[BlackElo "1265"]
[PlyCount "145"]
[EventDate "2020.09.22"]
[WhiteTeam "KCJS"]
[BlackTeam "Forest Hall Juniors"]

1. e4 c6 2. Nc3 e5 3. Nf3 d5 4. exd5 cxd5 5. Nxe5 Qe7 6. Qe2 Nf6 7. d4 Nbd7 8.
Nxd7 Bxd7 9. Bg5 Qxe2+ 10. Bxe2 Bc6 11. Bf3 Be7 12. Bxf6 Bxf6 13. Nxd5 Bxd5 14.
Bxd5 Bxd4 15. Bxb7 Bxb2 16. Bxa8 Bxa1 17. O-O O-O 18. Rxa1 Rxa8 19. Kf1 Kf8 20.
Ke2 Ke7 21. Ke3 Rc8 22. Kd3 Kd6 23. Rb1 Kc6 24. Rb3 Rd8+ 25. Ke3 Re8+ 26. Kf3
Re5 27. g4 Ra5 28. Rb2 Ra3+ 29. Kf4 Rh3 30. Rb8 Rxh2 31. Kg3 Rh6 32. Re8 Kd7
33. Rb8 Ra6 34. Rb2 Rb6 35. Rxb6 axb6 36. Kf4 Kd6 37. Ke4 Kc5 38. Kd3 Kb4 39.
c4 Ka3 40. Kd4 Kxa2 41. c5 bxc5+ 42. Kxc5 Kb3 43. Kd6 Kc4 44. Ke7 f5 45. g5 Kd5
46. Kf7 Ke5 47. Kxg7 Kf4 48. Kh6 Kg4 49. Kxh7 Kxg5 50. Kg7 f4 51. f3 Kf5 52.
Kh6 Kf6 53. Kh5 Kf5 54. Kh4 Kf6 55. Kg4 Ke5 56. Kg5 Ke6 57. Kxf4 Kf6 58. Ke4
Ke6 59. f4 Kf6 60. f5 Kf7 61. Kf4 Kf6 62. Kg4 Kf7 63. Kg5 Kg7 64. f6+ Kf7 65.
Kf5 Kf8 66. Kg6 Kg8 67. Kf5 Kf7 68. Kg5 Kf8 69. Kf4 Kf7 70. Ke5 Kf8 71. Ke6 Ke8
72. f7+ Kf8 73. Kf6 1/2-1/2

[Event "4NCL Online Division 6"]
[Site "online"]
[Date "2020.09.22"]
[Round "3.191"]
[White "White, John"]
[Black "Michalek, Lukasz"]
[Result "0-1"]
[WhiteElo "1529"]
[BlackElo "1562"]
[PlyCount "80"]
[EventDate "2020.09.22"]
[WhiteTeam "Celtic Tigers Cubs"]
[BlackTeam "Crewe BOL"]

1. e4 e5 2. Nf3 Nc6 3. Bb5 Nf6 4. O-O d6 5. Re1 Bd7 6. c3 a6 7. Ba4 Be7 8. d4
b5 9. Bb3 h6 10. h3 O-O 11. Nbd2 Re8 12. Nf1 Bf8 13. Ng3 Na5 14. Bc2 c5 15. d5
Nc4 16. b3 Nb6 17. Be3 Rc8 18. Qd2 Kh7 19. Nh2 a5 20. f4 exf4 21. Bxf4 Kg8 22.
Nf3 Qc7 23. Nh4 c4 24. b4 axb4 25. a3 b3 26. Bb1 Na4 27. Nhf5 Nc5 28. e5 dxe5
29. d6 Bxd6 30. Nxd6 exf4 31. Nxe8 Rxe8 32. Rxe8+ Bxe8 33. Nf1 Qe5 34. Nh2 Qe3+
35. Qxe3 fxe3 36. Nf3 Nfe4 37. Bxe4 Nxe4 38. a4 bxa4 39. Nd4 Nxc3 40. Kf1 b2
0-1

[Event "4NCL Online Division 6"]
[Site "online"]
[Date "2020.09.22"]
[Round "3.192"]
[White "Fields, Adam"]
[Black "Sarfas, Robin"]
[Result "1/2-1/2"]
[WhiteElo "1450"]
[BlackElo "1600"]
[PlyCount "93"]
[EventDate "2020.09.22"]
[WhiteTeam "Crewe BOL"]
[BlackTeam "Celtic Tigers Cubs"]

1. d4 Nf6 2. Bf4 c5 3. e3 Qb6 4. b3 Qb4+ 5. c3 Qa5 6. Bd3 cxd4 7. exd4 Nd5 8.
Bd2 Qc7 9. Nf3 Nc6 10. O-O g6 11. Re1 Bg7 12. Qc1 Bf6 13. Be4 Nb6 14. Be3 d5
15. Bd3 O-O 16. Nbd2 e5 17. dxe5 Nxe5 18. Nxe5 Bxe5 19. Nf3 Bf6 20. Bd4 Bxd4
21. Nxd4 Bd7 22. Qd2 Kg7 23. Re3 Qf4 24. Rae1 Rae8 25. R1e2 Nc8 26. Qe1 Rxe3
27. Rxe3 Nd6 28. Re7 Re8 29. Rxe8 Nxe8 30. h3 Nf6 31. f3 Qg5 32. Kf1 Nh5 33. g4
Nf4 34. h4 Nxd3 35. hxg5 Nxe1 36. Kxe1 f6 37. gxf6+ Kxf6 38. Ke2 h5 39. gxh5
gxh5 40. f4 a6 41. Kf2 h4 42. Kg2 b5 43. b4 Bc8 44. Kf3 Bd7 45. Kg2 Bc8 46. Kf3
Bd7 47. Kg2 1/2-1/2

[Event "4NCL Online Division 6"]
[Site "online"]
[Date "2020.09.22"]
[Round "3.193"]
[White "Kwabiah, C Kenneth"]
[Black "Nienaber, Kobus"]
[Result "0-1"]
[WhiteElo "1540"]
[BlackElo "1435"]
[PlyCount "50"]
[EventDate "2020.09.22"]
[WhiteTeam "Celtic Tigers Cubs"]
[BlackTeam "Crewe BOL"]

1. e4 c5 2. Nc3 Nc6 3. g3 e6 4. Bg2 Nf6 5. d3 d5 6. Bg5 d4 7. Nce2 Be7 8. f4
Ng4 9. Nxd4 Nxd4 10. Bxe7 Qa5+ 11. c3 Ne3 12. b4 Ndc2+ 13. Kd2 Qa6 14. Qe2 Nxa1
15. Kxe3 Kxe7 16. Nf3 cxb4 17. Rxa1 bxc3 18. Nd4 Bd7 19. Rc1 Rac8 20. f5 e5 21.
Nf3 Qh6+ 22. Kf2 Qxc1 23. Bh3 c2 24. Nxe5 Qd1 25. f6+ gxf6 0-1

[Event "4NCL Online Division 6"]
[Site "online"]
[Date "2020.09.22"]
[Round "3.194"]
[White "Gardner, Nigel"]
[Black "Osseiran, Nadim"]
[Result "1-0"]
[WhiteElo "1382"]
[BlackElo "1135"]
[PlyCount "67"]
[EventDate "2020.09.22"]
[WhiteTeam "Crewe BOL"]
[BlackTeam "Celtic Tigers Cubs"]

1. c4 c6 2. Nc3 d5 3. cxd5 cxd5 4. d4 Nf6 5. g3 Bf5 6. Bg2 e6 7. Nf3 Nc6 8. Bg5
Be7 9. O-O h6 10. Bf4 O-O 11. a3 Na5 12. Ne5 Nd7 13. Nxd7 Qxd7 14. Rc1 Rac8 15.
e4 dxe4 16. Bxe4 Bxe4 17. Nxe4 Rxc1 18. Bxc1 Nc6 19. Be3 Rc8 20. Qg4 f5 21. Qg6
Qe8 22. Qxe6+ Kh7 23. Qxf5+ Kg8 24. Qd5+ Kh7 25. Nc5 Rd8 26. Qe4+ Kg8 27. Re1
Qf7 28. Nxb7 Rb8 29. Qxc6 Rf8 30. Bf4 Bg5 31. Re4 Qf5 32. Qe6+ Qxe6 33. Rxe6
Rb8 34. Bxb8 1-0

[Event "4NCL Online Division 6"]
[Site "online"]
[Date "2020.09.22"]
[Round "3.201"]
[White "Buswell, A Mark"]
[Black "Gaekwad, Ankit"]
[Result "1-0"]
[WhiteElo "1787"]
[BlackElo "1450"]
[PlyCount "53"]
[EventDate "2020.09.22"]
[WhiteTeam "Hertford 2"]
[BlackTeam "Barnet Knights D"]

1. d4 Nf6 2. Bf4 g6 3. e3 Bg7 4. Nf3 d6 5. c3 O-O 6. Bd3 Nbd7 7. Nbd2 Qe8 8.
Qc2 e5 9. Bg5 a6 10. a4 h6 11. Bh4 Nh7 12. g4 Nb6 13. h3 f5 14. gxf5 Bxf5 15.
Bxf5 Rxf5 16. Bg3 e4 17. Nh4 Rf6 18. Nxe4 Re6 19. Nd2 c5 20. O-O cxd4 21. exd4
Rc8 22. Qb3 Nd7 23. Rae1 Ndf8 24. Bxd6 Kh8 25. Rxe6 Qxe6 26. Qxe6 Nxe6 27.
Nxg6+ 1-0

[Event "4NCL Online Division 6"]
[Site "online"]
[Date "2020.09.22"]
[Round "3.202"]
[White "Gardner, Kai"]
[Black "Du Boulay, Andrew"]
[Result "0-1"]
[WhiteElo "1390"]
[BlackElo "1780"]
[PlyCount "50"]
[EventDate "2020.09.22"]
[WhiteTeam "Barnet Knights D"]
[BlackTeam "Hertford 2"]

1. e4 c6 2. d4 d5 3. e5 Bf5 4. c4 dxc4 5. Bxc4 e6 6. Nf3 h6 7. b3 Bb4+ 8. Nbd2
Bc3 9. Ba3 Bxa1 10. Qxa1 Ne7 11. O-O O-O 12. Nh4 Bh7 13. Qc3 Re8 14. Bd3 Bxd3
15. Qxd3 Nd7 16. f4 Rc8 17. f5 Nxe5 18. Qe4 Nxf5 19. Nxf5 exf5 20. Qxf5 Qxd4+
21. Rf2 Qg4 22. Qc2 Rcd8 23. Bb2 Nd3 24. Rf1 Re2 25. Bc3 Qxg2# 0-1

[Event "4NCL Online Division 6"]
[Site "online"]
[Date "2020.09.22"]
[Round "3.203"]
[White "Rudd, David R"]
[Black "Rupf, Oscar"]
[Result "1-0"]
[WhiteElo "1735"]
[BlackElo "1375"]
[PlyCount "53"]
[EventDate "2020.09.22"]
[WhiteTeam "Hertford 2"]
[BlackTeam "Barnet Knights D"]

1. b4 e6 2. Bb2 Bxb4 3. Bxg7 Bd6 4. Bxh8 f6 5. e3 Nh6 6. Qh5+ Nf7 7. Qxh7 Bf8
8. Bg7 Bxg7 9. Qxg7 Ke7 10. Nf3 Nc6 11. Bb5 Na5 12. Bd3 Qe8 13. Bg6 d6 14.
Qxf7+ Qxf7 15. Bxf7 Kxf7 16. O-O e5 17. h3 Be6 18. d4 Nc4 19. dxe5 dxe5 20.
Nbd2 Nd6 21. Nb3 Rg8 22. Kh2 Ne4 23. Nfd2 Ng5 24. Nc5 Bc8 25. Nce4 Nxh3 26.
gxh3 Rh8 27. Rh1 1-0